000 00430nam a2200181Ia 4500
001 11487
005 20260306162831.0
008 260306t1980||||xx |||||||||||||| ||spa||
041 _aESP
082 _a985.061
_bA76
100 _aArosemena Garland, Geraldo
_eAUT
245 0 _aEl Coronel Alfonso Ugarte
260 _c1980
300 _a76 páginas :
_c20 cm.
650 _aGEN
654 _aCHU
942 _cLIB
_dJUS
_fJUS
_2ddc
_n
999 _c11487
_d11487